[Event "SportAccord Rapid Men 2013"]
[Site "Beijing CHN"]
[Date "2013.12.13"]
[Round "7.2"]
[White "Dominguez Perez,L"]
[Black "Nepomniachtchi,I"]
[Result "1-0"]
[WhiteElo "2754"]
[BlackElo "2721"]

1.e4 c5 2.Nf3 d6 3.d4 cxd4 4.Nxd4 Nf6 5.Nc3 a6 6.f3 e5 7.Nb3 Be6 8.Be3 Be7
9.Qd2 h5 10.Nd5 Nxd5 11.exd5 Bf5 12.Be2 O-O 13.O-O Bg6 14.c4 b6 15.f4 exf4
16.Bxf4 Bf6 17.Rae1 Qc7 18.Nd4 Nd7 19.Nc6 Rae8 20.b4 Ne5 21.c5 bxc5 22.bxc5 dxc5
23.Bxa6 Qb6 24.Bxe5 Bxe5 25.Nxe5 Qxa6 26.d6 Re6 27.d7 Rd6 28.Qg5 Bd3 29.Rxf7 Rxf7
30.d8=Q+ Rxd8 31.Qxd8+ Rf8 32.Qd5+ Kh7 33.Qxd3+ Qxd3 34.Nxd3 Ra8 35.Nxc5 Rxa2
36.Nd3 Ra4 37.Re5 Kh6 38.Kf2 g6 39.Kf3 Ra3 40.Rd5 Rc3 41.h4 Ra3 42.g3 Kg7
43.Rd6 Kh7 44.Kg2 Ra5 45.Nf4 g5 46.hxg5 Rxg5 47.Kh3 Ra5 48.Kh4 Ra4 49.Kxh5 Kg7
50.Kg5 Ra5+ 51.Rd5 Ra7 52.g4 Kh8 53.Kf6 Kg8 54.Rd8+ Kh7 55.Ne6 Ra6 56.Rd7+ Kg8
57.g5  1-0

[Event "5th London Classic Women's Inv"]
[Site "London ENG"]
[Date "2013.12.13"]
[Round "8.1"]
[White "Bulmaga,I"]
[Black "Hegarty,S"]
[Result "1-0"]
[WhiteElo "2396"]
[BlackElo "2127"]

1.e4 c5 2.Nf3 d6 3.d4 cxd4 4.Nxd4 Nf6 5.Nc3 a6 6.f3 Qb6 7.Nb3 Nc6 8.Bg5 e6
9.Qd2 Qc7 10.O-O-O Be7 11.Nd4 Bd7 12.Be3 b5 13.Nxc6 Bxc6 14.Ne2 O-O 15.Nd4 Bb7
16.g4 Rac8 17.g5 Nd7 18.h4 Ne5 19.Be2 Nc4 20.Bxc4 Qxc4 21.Kb1 Bd8 22.h5 Bb6
23.g6 h6 24.Qh2 f5 25.Qxd6 Bxd4 26.Bxd4 Qxc2+ 27.Ka1 Qc6 28.Qe5 Rc7 29.a3 Rfc8
30.Rc1 Qd7 31.Rxc7 Rxc7 32.exf5 exf5 33.Re1 Rc8 34.Bc3 Bxf3 35.Qe7 Qxe7 36.Rxe7 Bxh5
37.Rxg7+ Kf8 38.Rh7 Rxc3 39.bxc3 Bxg6 40.Rxh6 Kg7 41.Rh4 Kf6 42.Kb2 Ke5 43.Rh6 Bf7
44.Rxa6 f4 45.Kc2 f3 46.Kd2 Bc4 47.Ke3 Be2 48.Ra8 Kd5 49.Rc8 Kd6 50.Rd8+ Kc6
51.Rf8 Kd5 52.Rf4 Kc5 53.Kd2 Kd5 54.Kc2 Kc5 55.Rf5+ Kc4 56.Kd2 Kb3 57.Rf4 Kxa3
58.Kc2 b4 59.cxb4 Ka4 60.Kc3 Kb5 61.Rf6 Bd1 62.Rf5+ Kb6 63.b5 Be2 64.Kb4 Kc7
65.Kc5 f2 66.Rxf2 Bg4 67.Rf7+ Kb8 68.Kb6 Kc8 69.Ka7  1-0

[Event "SportAccord Basque Men 2013"]
[Site "Beijing CHN"]
[Date "2013.12.17"]
[Round "2.1"]
[White "Dominguez Perez,L"]
[Black "Nepomniachtchi,I"]
[Result "1/2-1/2"]
[WhiteElo "2754"]
[BlackElo "2721"]

1.e4 c5 2.Nf3 d6 3.d4 Nf6 4.Nc3 cxd4 5.Nxd4 a6 6.f3 e5 7.Nb3 Be6 8.Be3 Be7
9.Qd2 Nbd7 10.O-O-O h5 11.Kb1 b5 12.Nd5 Bxd5 13.exd5 Nb6 14.Bxb6 Qxb6 15.Na5 Rc8
16.Nc6 Nxd5 17.Nxe7 Nxe7 18.Qxd6 Qxd6 19.Rxd6 Nc6 20.Rd2 Ke7 21.Bd3 Rhd8
22.Rhd1 Rc7 23.c3 Na5 24.Kc2 h4 25.g3 hxg3 26.hxg3 g6 27.a4 Nc4 28.Re2 Rcd7
29.axb5 axb5 30.Bxc4 Rxd1 31.Rxe5+ Kf8 32.Rxb5 R8d2+ 33.Kb3 Rb1 34.Ka2 Rc1
35.Kb3 Rb1 36.Ka2 Rc1 37.Ka3 Ra1+ 38.Kb3 Rb1 39.Ka2  1/2-1/2

[Event "WYCC U16 Girls 2013"]
[Site "Al-Ain UAE"]
[Date "2013.12.18"]
[Round "1.43"]
[White "Hua,Margaret"]
[Black "Kavya Srishti,K"]
[Result "1-0"]
[WhiteElo "1922"]
[BlackElo "1442"]

1.e4 c5 2.Nf3 d6 3.d4 cxd4 4.Nxd4 Nf6 5.Nc3 a6 6.f3 e5 7.Nb3 Be6 8.Be3 Be7
9.Qd2 Nbd7 10.O-O-O b5 11.Kb1 O-O 12.g4 h6 13.h4 Nb6 14.g5 Nfd7 15.gxh6 g6
16.h5 g5 17.Nd5 Nxd5 18.exd5 Bf5 19.Rg1 f6 20.Na5 Nb8 21.Bd3 Bxd3 22.Qxd3 f5
23.Nb7 Qe8 24.Bxg5 Bxg5 25.Rxg5+ Kh8 26.Rxf5 Rxf5 27.Qxf5 Qe7 28.Rg1  1-0

[Event "SportAccord Basque Women 2013"]
[Site "Beijing CHN"]
[Date "2013.12.18"]
[Round "4.1"]
[White "Hou Yifan"]
[Black "Ju Wenjun"]
[Result "0-1"]
[WhiteElo "2629"]
[BlackElo "2514"]

1.e4 c5 2.Nf3 d6 3.d4 cxd4 4.Nxd4 Nf6 5.Nc3 a6 6.Be3 Ng4 7.Bc1 Nf6 8.f3 e5
9.Nb3 Be6 10.Be3 h5 11.Qd2 Nbd7 12.O-O-O Qc7 13.h3 h4 14.Kb1 b5 15.Nd5 Bxd5
16.exd5 Nb6 17.Bg5 Nbxd5 18.Bd3 Rc8 19.Rc1 Nb6 20.f4 Be7 21.Rhf1 e4 22.Bxf6 Bxf6
23.Bxe4 Bxb2 24.Bf5 O-O 25.Bxc8 Rxc8 26.Rcd1 Na4 27.Rf3 Bf6 28.a3 Qc4 29.Na5 Qc7
30.Nb3 Nb2 31.Rc1 Nc4 32.Qd3 Nxa3+ 33.Ka2 Nc4 34.c3 Re8 35.g4 hxg3 36.Rxg3 d5
37.Nd2 Qxf4 38.Rg2 Nxd2 39.Rxd2 Bg5 40.Rcd1 Qa4+ 41.Kb1 Bxd2 42.Qxd2 Qb3+  0-1

[Event "51st Groningen Open A 2013"]
[Site "Groningen NED"]
[Date "2013.12.21"]
[Round "1.38"]
[White "Zakhartsov,Vl"]
[Black "Senders,Mischa"]
[Result "1-0"]
[WhiteElo "2358"]
[BlackElo "2058"]

1.e4 c5 2.Nf3 d6 3.d4 cxd4 4.Nxd4 Nf6 5.Nc3 a6 6.f3 e6 7.Be3 Nbd7 8.Qd2 Qc7
9.g4 h6 10.h4 b5 11.Rg1 b4 12.Nce2 Ne5 13.Nf4 g6 14.g5 hxg5 15.hxg5 Nfd7
16.O-O-O Nc5 17.Kb1 Rb8 18.Be2 Na4 19.Nb3 Rh2 20.Rg2 Rh7 21.Bd4 Be7 22.Rgg1 a5
23.Rh1 Rxh1 24.Rxh1 Bd7 25.Rh8+ Bf8 26.Ng2 Bc6 27.Ne3 Bb5 28.f4 Nd7 29.Ng4 Nc3+
30.bxc3 bxc3 31.Bxc3 Bxe2 32.Bxa5 Qa7 33.Qxe2 Qxa5 34.Nf6+ Ke7 35.Nxd7  1-0

[Event "20th Zadar Open A 2013"]
[Site "Zadar CRO"]
[Date "2013.12.21"]
[Round "9.16"]
[White "Petrusic,T"]
[Black "Mazi,L"]
[Result "1/2-1/2"]
[WhiteElo "2278"]
[BlackElo "2377"]

1.e4 c5 2.Nf3 d6 3.d4 cxd4 4.Nxd4 Nf6 5.Nc3 a6 6.f3 e6 7.Be3 b5 8.Qd2 h5
9.a3 Bb7 10.O-O-O Nbd7 11.Nb3 Be7 12.h3 Rc8 13.Bd3 Ne5 14.Qf2 Nxd3+ 15.Rxd3 Qc7
16.Rhd1 d5 17.Bb6 Qf4+ 18.Be3 Qc7 19.Bb6 Qf4+ 20.Be3 Qc7  1/2-1/2

[Event "WYCC U16 Girls 2013"]
[Site "Al-Ain UAE"]
[Date "2013.12.23"]
[Round "7.20"]
[White "Alijanzadeh,Mohadeseh"]
[Black "Serefidou,D"]
[Result "1-0"]
[WhiteElo "1846"]
[BlackElo "1958"]

1.e4 c5 2.Nf3 d6 3.d4 cxd4 4.Nxd4 Nf6 5.Nc3 a6 6.f3 e6 7.Be3 b5 8.Qd2 Nbd7
9.g4 b4 10.Na4 h6 11.O-O-O Ne5 12.b3 Bd7 13.Nb2 d5 14.g5 hxg5 15.Bxg5 dxe4
16.Bxf6 gxf6 17.f4 Bh6 18.Kb1 Ng4 19.Nc4 Qe7 20.h3 Ne5 21.Nb6 Rd8 22.Bxa6 Qc5
23.Nxd7 Nxd7 24.Bb5 f5 25.Ba4 Bg7 26.Nc6 Bc3 27.Qd6 Qxd6 28.Rxd6 Rc8 29.Rhd1 Rc7
30.Nb8 Rxh3 31.Nxd7 Ke7 32.Ne5 f6 33.Nc4 Kf7 34.Bd7  1-0

[Event "WYCC U16 Girls 2013"]
[Site "Al-Ain UAE"]
[Date "2013.12.27"]
[Round "10.11"]
[White "Vanagaite,G"]
[Black "Aay,Aisyah Anisa"]
[Result "1-0"]
[WhiteElo "2017"]
[BlackElo "1900"]

1.e4 c5 2.Nf3 d6 3.d4 cxd4 4.Nxd4 Nf6 5.Nc3 a6 6.f3 e5 7.Nb3 Be6 8.Be3 Nbd7
9.Qd2 Rc8 10.g4 Nb6 11.O-O-O Be7 12.h4 Nfd7 13.g5 O-O 14.h5 f5 15.g6 h6 16.exf5 Bxf5
17.Kb1 d5 18.Bxh6 Bxc2+ 19.Kxc2 d4 20.Bh3 Rf6 21.Bxg7 Kxg7 22.h6+ Kxg6 23.Qg2+ Kf7
24.Qg7+ Ke8 25.h7  1-0

[Event "51st Groningen Open A 2013"]
[Site "Groningen NED"]
[Date "2013.12.28"]
[Round "7.48"]
[White "Majhi,Ankit"]
[Black "Henseler,J"]
[Result "1-0"]
[WhiteElo "2058"]
[BlackElo "2073"]

1.e4 c5 2.Nf3 d6 3.d4 cxd4 4.Nxd4 Nf6 5.Nc3 a6 6.f3 e6 7.Be3 b5 8.g4 h6 9.Qd2 Nbd7
10.O-O-O Bb7 11.h4 b4 12.Nce2 d5 13.Bh3 dxe4 14.g5 hxg5 15.hxg5 exf3 16.Ng3 Nd5
17.g6 Rxh3 18.gxf7+ Kxf7 19.Rxh3 N7f6 20.Nxf3 Qa5 21.Ne5+ Ke8 22.Qd3 Qxa2
23.Qg6+ Kd8 24.Bb6+ Kc8 25.Qf7  1-0